Women in the New Testament /

Bibliographic Details
Main Author: Getty-Sullivan, Mary Ann, 1943-
Format: Book
Language:English
Published: Collegeville, Minn. : Liturgical Press, [2001]
Subjects:

MARC

Tag First Indicator Second Indicator Subfields
LEADER 00000cam a22000004a 4500
001 in00001622713
005 20151023081951.0
008 010327s2001 mnu b 001 0ceng
010 |a  2001029592 
020 |a 0814625460 (alk. paper) 
035 |a (OCoLC)ocm46640945 
040 |a DLC  |c DLC  |d C#P  |d UtOrBLW 
042 |a pcc 
049 |a TXAM 
050 0 0 |a BS2445  |b .G48 2001 
082 0 0 |a 225.9/22/082  |2 21 
100 1 |a Getty-Sullivan, Mary Ann,  |d 1943- 
245 1 0 |a Women in the New Testament /  |c Mary Ann Getty-Sullivan. 
264 1 |a Collegeville, Minn. :  |b Liturgical Press,  |c [2001] 
264 4 |c ©2001 
300 |a ix, 269 pages ;  |c 21 cm. 
336 |a text  |b txt  |2 rdacontent 
337 |a unmediated  |b n  |2 rdamedia 
338 |a volume  |b nc  |2 rdacarrier 
504 |a Includes bibliographical references (pages 261-262) and index. 
650 0 |a Women in the Bible. 
630 0 0 |a Bible.  |p New Testament  |v Biography. 
945 |i PromptCat 
948 |a cataloged  |b h  |c 2001/10/10  |d c  |e cmulkey  |f 11:18:31 am 
994 |a 92  |b TXA 
999 |a MARS 
999 f f |s f768c42f-365a-3128-981b-0d77acd15e7a  |i 8cf27cf8-c995-32be-8d5d-4752e5102fd2  |t 0 
952 f f |p ric  |a Texas A&M University  |b Rellis Campus  |c Joint Library Facility  |d Remote Storage  |t 0  |e BS2445 .G48 2001  |h Library of Congress classification  |i unmediated -- volume  |m A14828145910 
998 f f |a BS2445 .G48 2001  |t 0  |l Remote Storage